La visita y otros cuentos premiados / (Registro nro. 13462)

Detalles MARC
000 -LIDER
fixed length control field 01383nam a22003257a 4500
003 - IDENTIFICACDOR DE NÚMERO DE CONTROL
control field DO-SdBNP
005 - DATE AND TIME OF LATEST TRANSACTION
control field 20220304103221.0
008 - ELEMENTOS DE LONGITUD FIJA
fixed length control field 210507b2017 dr | 00| 0 spa d
020 ## - ISBN
International Standard Book Number 9789945492958
040 ## - FUENTE DE CATALOGACIÓN
Agencia que crea de manera original el registro BPMSU
Enlace spa
Agencia que realiza la transcripción BPMSU
082 ## - NÚMERO DE CLASIFICACIÓN DECIMAL DE DEWEY
Classification number RD863.5
Item number P925v 2017
Edition number 22
100 ## - ASIENTO PRINCIPAL -- NOMBRE PERSONAL
Nombre personal
111 2# - ASIENTO PRINCIPAL--NOMBRE DE REUNIÓN O CONFERENCIA
Nombre de reunión o jurisdicción como elemento de entrada Premio Joven de Cuento
Fecha de la reunión (2016 :
Lugar de la reunión Santo Domingo)
245 13 - MENCIÓN DE TITULO
Título La visita y otros cuentos premiados /
Mención de responsabilidad Danilo Rodríguez ... [y otros].
Subtítulo
260 ## - PUBLICACIÓN, DISTRIBUCIÓN, ETC. (PIE DE IMPRENTA)
Lugar de publicación, distribución, etc Santo Domingo:
Nombre del editor, distribuidor, etc. Ministerio de Cultura ;
-- Editora Nacional.
Fecha de publicación, distribución, etc 2017.
300 ## - DESCRIPCIÓN FÍSICA
Extensión 137 p. :
Dimensiones 20 cm.
490 0# - MENCIÓN DE SERIES
Mención de serie Narrativa
500 ## - NOTA GENERAL
Nota general Incluye datos biográfícos de Danilo Rodríguez en la solapa de la cubierta
500 ## - NOTA GENERAL
Materiales especificados Jurado Ibeth Guzmán, Pura Emeterio Rondón y Manuel Llibre Otero
505 ## - NOTA DE CONTENIDO
Texto normalizado de contenido Premio -- La visita / Danilo Rodríguez -- Menciones -- Afuera no se guardan las cosas / Vicente Arturo Pichardo -- Asunto Pendiente / Danilo Rodríguez -- Dos regalos de infortunio / Gregorio V
586 ## - AWARDS NOTE
Awards note Premio joven de cuento Feria del Libro 2016
590 ## - NOTA LOCAL
Enlace Inventariado, 2021/ VM
610 #4 - ENCABEZAMIENTO DE MATERIA--NOMBRE CORPORATIVO
Nombre corporativo o de jurisdicción Feria del Iibro Internacional
Subdivisión temática general Certámenes literarios
Subdivisión cronológica 2016
650 #4 - ENCABEZAMIENTO DE MATERIA--TEMÁTICO
Término temático o nombre geográfico como elemento de entrada Certámenes literarios
Subdivisión geográfica República Dominicana
650 #4 - ENCABEZAMIENTO DE MATERIA--TEMÁTICO
Término temático o nombre geográfico como elemento de entrada Cuentos dominicanos
650 #4 - ENCABEZAMIENTO DE MATERIA--TEMÁTICO
Término temático o nombre geográfico como elemento de entrada Literatura dominicana
710 2# - ASIENTO SECUNDARIO -- NOMBRE CORPORATIVO
Nombre corporativo o de jurisdicción Ministerio de Cultura(República Dominicana)
910 ## - VALIDACIÓN
Validación VMateo
942 ## - ADDED ENTRY ELEMENTS (KOHA)
Source of classification or shelving scheme Dewey Decimal Classification
Koha item type Libros
Existencias
Withdrawn status Lost status Source of classification or shelving scheme Damaged status Not for loan Collection code Home library Current library Date acquired Source of acquisition Full call number Barcode Date last seen Price effective from Koha item type
    Dewey Decimal Classification     Colección Dominicana Biblioteca Pública Metropolitana Salomé Ureña Biblioteca Pública Metropolitana Salomé Ureña 05/10/2021 Editora Nacional BPMSU CD RD863.5 P925v 2017 BPMSU21050021 05/10/2021 05/10/2021 Libros